00942nam a22002417a 45000010005000000030006000050050017000110080041000280200018000690400029000870500014001160820008001301000029001382450043001672500046002102600038002563000044002945050008003385200289003465210020006355210020006556500025006754787FISKH20241014091616.0241014b cb ||||| |||| 00| 0 eng d a9780545297240 aFISKHbengcFISKHdFISKH aPZ7.C3725 a303 aWillis, Cynthia Chapman  aDog Gone / cby Cynthia Chapman Willis aFirst Scholastic printing, September 2010 aNew York : bScholastic ;c2008.  a217 pages : billustrations ;c20 cm .  aS  aTwelve-year-old Dill refuses to deal with the recent death of her mother until her dog starts running with a pack that is suspected of killing livestock on neighboring farms, and Dill's beloved grandfather becomes so sick that he needs to go the the hospital just like her mother did.8 a800 bLexile 8 aS bRaz-Plus  adog vanimal fiction